[Event "GB-China"]
[Site "Liverpool"]
[Date "2007.09.04"]
[Round "1"]
[White "Rowson, Jonathan"]
[Black "Zhang Pengxiang"]
[Result "0-1"]
[WhiteElo "2599"]
[BlackElo "2649"]
[PlyCount "102"]
[EventDate "2007.09.04"]

1. d4 d5 2. Nf3 c6 3. c4 Nf6 4. e3 e6 5. Bd3 Nbd7 6. b3 dxc4 7. bxc4 e5 8. Nbd2
Qe7 9. Qc2 exd4 10. O-O dxe3 11. Nb3 Ne5 12. Nxe5 Qxe5 13. Bb2 Qh5 14. Rae1 Be6
15. Rxe3 Bd6 16. h3 O-O-O 17. Nd4 Rhe8 18. Rfe1 Qa5 19. Nxe6 fxe6 20. Bxh7 Nxh7
21. Qxh7 Qxa2 22. Qxg7 Bc5 23. Rf3 Rg8 24. Qe5 Qxc4 25. Qxe6+ Qxe6 26. Rxe6
Rd1+ 27. Kh2 Rd2 28. Be5 Bxf2 29. Rf7 Re2 30. Ref6 Bh4 31. Rf8+ Rxf8 32. Rxf8+
Kd7 33. Bg3 Be7 34. Rb8 b5 35. h4 a5 36. h5 Bg5 37. Rg8 Bc1 38. Rg6 Re6 39.
Rg7+ Re7 40. Rg6 Rh7 41. Rd6+ Ke7 42. Rxc6 Rxh5+ 43. Kg1 Bb2 44. Be1 b4 45. Kf1
Rb5 46. Ra6 Kd7 47. Ke2 Rd5 48. g4 Kc7 49. Bf2 Bc3 50. Be3 b3 51. g5 b2 0-1

[Event "GB-China"]
[Site "Liverpool"]
[Date "2007.09.04"]
[Round "1"]
[White "Hou Yifan"]
[Black "Howell, David"]
[Result "1/2-1/2"]
[WhiteElo "2523"]
[BlackElo "2519"]
[PlyCount "43"]
[EventDate "2007.09.04"]

1. e4 e5 2. Nf3 Nc6 3. Bb5 Nf6 4. O-O Nxe4 5. d4 Nd6 6. Bxc6 dxc6 7. dxe5 Nf5
8. Qxd8+ Kxd8 9. Nc3 Ne7 10. h3 Ng6 11. Bg5+ Ke8 12. Rad1 Bd7 13. Rd2 Be6 14.
Rfd1 Be7 15. Bxe7 Kxe7 16. Ne4 Rad8 17. Nd4 Rd5 18. Nc3 Rd7 19. Na4 Rd5 20. Nc3
Rdd8 21. Ne4 Rd5 22. Nc3 1/2-1/2

[Event "GB-China"]
[Site "Liverpool"]
[Date "2007.09.04"]
[Round "1"]
[White "Houska, Jovanka"]
[Black "Ding Yixin"]
[Result "1/2-1/2"]
[WhiteElo "2401"]
[BlackElo "2278"]
[PlyCount "126"]
[EventDate "2007.09.04"]

1. e4 c5 2. Nf3 d6 3. d4 cxd4 4. Nxd4 Nf6 5. Nc3 a6 6. Be3 e5 7. Nf3 Be7 8. Bc4
O-O 9. O-O Be6 10. Bxe6 fxe6 11. Na4 Nbd7 12. Ng5 Qa5 13. Nc3 Rfc8 14. Nxe6 Qb4
15. Rb1 Qc4 16. Ng5 h6 17. Nf3 Nxe4 18. Qd5+ Qxd5 19. Nxd5 Bf8 20. c3 Nef6 21.
Rfd1 Nxd5 22. Rxd5 Nf6 23. Rdd1 b5 24. a4 bxa4 25. Ra1 Rab8 26. Bc1 Rc6 27.
Rxa4 Kf7 28. h3 Ke6 29. g4 Rb5 30. Re1 Kd7 31. Kg2 Kc7 32. Nd2 Nd7 33. c4 Rb8
34. b4 Be7 35. f4 Bh4 36. Rf1 exf4 37. Rxf4 Re8 38. Nf3 Re2+ 39. Kf1 Rf2+ 40.
Kg1 Bg3 41. Rf7 Rxc4 42. Be3 Re2 43. Rxa6 Rxe3 44. Kg2 Bf4 45. Ra7+ Kc8 46.
Rxg7 Rc2+ 47. Kg1 Re8 48. Raxd7 Ree2 49. Kf1 Rf2+ 50. Ke1 Be3 51. Rxd6 Rce2+
52. Kd1 Ra2 53. Ke1 Rxf3 54. Re6 Bf2+ 55. Kd1 Kd8 56. Rxh6 Rf8 57. Rd6+ Kc8 58.
Rd2 Ra1+ 59. Kc2 Be1 60. Rd4 Ra3 61. Re4 Bc3 62. Rge7 Bf6 63. Re8+ Rxe8 1/2-1/2

[Event "GB-China"]
[Site "Liverpool"]
[Date "2007.09.06"]
[Round "3"]
[White "Hou Yifan"]
[Black "Pert, Nicholas"]
[Result "1-0"]
[WhiteElo "2523"]
[BlackElo "2536"]
[PlyCount "147"]
[EventDate "2007.09.04"]

1. e4 e6 2. d4 d5 3. Nc3 Bb4 4. e5 c5 5. a3 Bxc3+ 6. bxc3 Ne7 7. Qg4 cxd4 8.
cxd4 Qc7 9. Ra2 Nf5 10. Nf3 Nc6 11. Bd3 h5 12. Qf4 Ncxd4 13. O-O Nxf3+ 14. Qxf3
Qxe5 15. Bb2 d4 16. Raa1 Nh4 17. Qh3 Qf4 18. Rae1 Qg4 19. Qxg4 hxg4 20. Bxd4 f6
21. f3 Bd7 22. fxg4 O-O-O 23. Bxa7 Bc6 24. Rxe6 Bxg2 25. Rf2 Bd5 26. Re3 Rde8
27. Kf1 Kc7 28. Rfe2 Rxe3 29. Bxe3 g5 30. Bf2 Bg2+ 31. Kg1 Bc6 32. Bg3+ Kd7 33.
Kf2 Ra8 34. Re3 Ra4 35. h3 Rd4 36. Ke2 Ng2 37. Bf5+ Kd8 38. Re6 Nf4+ 39. Bxf4
Rxf4 40. Rxf6 Bf3+ 41. Kd2 Bg2 42. Rg6 Bxh3 43. Rxg5 Ra4 44. Rg7 Bg2 45. Rd7+
Ke8 46. Rd3 Kf7 47. g5 Rf4 48. g6+ Kf6 49. Rg3 Rxf5 50. Rxg2 Kg7 51. Kc3 Rf1
52. Kb4 Rb1+ 53. Kc5 b6+ 54. Kc6 b5 55. Kb6 Rb2 56. Kc5 Rb1 57. c4 bxc4 58.
Kxc4 Rc1+ 59. Kb5 Rb1+ 60. Ka5 Rb8 61. a4 Ra8+ 62. Kb5 Rb8+ 63. Kc6 Rc8+ 64.
Kb7 Re8 65. a5 Re7+ 66. Kc6 Re6+ 67. Kd7 Rf6 68. Rg5 Rf1 69. Kc6 Ra1 70. Kb6
Re1 71. a6 Re6+ 72. Kb7 Re7+ 73. Kc8 Re8+ 74. Kd7 1-0

[Event "GB-China"]
[Site "Liverpool"]
[Date "2007.09.06"]
[Round "3"]
[White "Howell, David"]
[Black "Zhang Pengxiang"]
[Result "1-0"]
[WhiteElo "2519"]
[BlackElo "2649"]
[PlyCount "165"]
[EventDate "2007.09.04"]

1. e4 e6 2. d4 d5 3. Nd2 Nf6 4. e5 Nfd7 5. f4 c5 6. c3 Nc6 7. Ndf3 Qa5 8. Be3
cxd4 9. Nxd4 Nxd4 10. Bxd4 Qc7 11. Bd3 Nc5 12. Bc2 a5 13. Nf3 Be7 14. Qe2 a4
15. O-O O-O 16. Rae1 b6 17. Ng5 g6 18. Qg4 a3 19. b4 Ne4 20. Bxe4 dxe4 21. Nxe4
Rd8 22. Nf6+ Bxf6 23. exf6 Rxd4 24. cxd4 Qd8 25. f5 exf5 26. Qh4 Be6 27. Rf2 h5
28. Rc2 Qd6 29. h3 Rd8 30. d5 Qxd5 31. Qf4 Qd4+ 32. Qxd4 Rxd4 33. Rc3 Rxb4 34.
Rxa3 Bd5 35. Re5 Rd4 36. Kf2 f4 37. Ra7 Rd2+ 38. Ke1 Rxa2 39. Rxa2 Bxa2 40. Kf2
Bc4 41. Kf3 b5 42. Kxf4 b4 43. Re4 Bd5 44. Rxb4 Bxg2 45. Rb8+ Kh7 46. h4 Bd5
47. Ke5 Bc4 48. Rf8 Bb3 49. Rc8 Be6 50. Ra8 Bb3 51. Ra5 Bc4 52. Kd6 Bb3 53. Rb5
Bc4 54. Rc5 Bb3 55. Re5 Ba2 56. Kc5 Bb3 57. Re2 Bd1 58. Re5 Bb3 59. Kc6 Ba2 60.
Kd7 Bb3 61. Ke8 Kg8 62. Rc5 Ba2 63. Ra5 Bb3 64. Ke7 Kh7 65. Kf8 Bc4 66. Ke7 Bb3
67. Rb5 Bc4 68. Ra5 Bb3 69. Kf8 Be6 70. Re5 Bb3 71. Rb5 Be6 72. Ke7 Bc4 73. Rb8
Be6 74. Rf8 g5 75. hxg5 Kg6 76. Rg8+ Kf5 77. g6 fxg6 78. Rxg6 Bd5 79. Rg1 h4
80. Rd1 Bb3 81. Rb1 Ba2 82. Rb2 Bg8 83. Rh2 1-0

[Event "GB-China"]
[Site "Liverpool"]
[Date "2007.09.06"]
[Round "3"]
[White "Ding Yixin"]
[Black "Houska, Jovanka"]
[Result "1/2-1/2"]
[WhiteElo "2278"]
[BlackElo "2401"]
[PlyCount "68"]
[EventDate "2007.09.04"]

1. e4 e5 2. Nf3 Nc6 3. Bb5 a6 4. Ba4 Nf6 5. O-O b5 6. Bb3 Bc5 7. c3 d6 8. d4
Bb6 9. h3 O-O 10. Bg5 h6 11. Bh4 g5 12. Bg3 Re8 13. Re1 Bb7 14. h4 g4 15. Nh2
Qd7 16. d5 Ne7 17. Nd2 Kh7 18. Ndf1 Rg8 19. Ne3 Nh5 20. Nhxg4 Bxe3 21. Nxe3
Nxg3 22. fxg3 Rxg3 23. Qh5 Rag8 24. Re2 Qh3 25. Rf1 f5 26. exf5 Rxe3 27. f6
Rxe2 28. Qxe2 Qxh4 29. fxe7 Qxe7 30. Bc2+ Kh8 31. Be4 Qg5 32. Rf5 Qc1+ 33. Rf1
Qg5 34. Rf5 Qc1+ 1/2-1/2

[Event "GB-China"]
[Site "Liverpool"]
[Date "2007.09.07"]
[Round "4"]
[White "Arakhamia, Ketevan"]
[Black "Ding Yixin"]
[Result "1-0"]
[WhiteElo "2418"]
[BlackElo "2278"]
[PlyCount "106"]
[EventDate "2007.09.04"]

1. e4 c5 2. Nf3 d6 3. d4 cxd4 4. Nxd4 Nf6 5. Nc3 a6 6. f4 e5 7. Nf3 Nbd7 8. a4
Be7 9. Bd3 O-O 10. O-O Nc5 11. Kh1 d5 12. Nxe5 dxe4 13. Be2 Qc7 14. Be3 b6 15.
Qe1 Bb7 16. Qg3 Ncd7 17. Rad1 Rad8 18. Bd4 Kh8 19. b3 Nxe5 20. fxe5 Nd7 21. Bc4
f6 22. e6 Ne5 23. Bxe5 fxe5 24. Rxd8 Qxd8 25. Rxf8+ Qxf8 26. Qxe5 Bd6 27. e7
Qxe7 28. Qxe7 Bxe7 29. Bd5 Bxd5 30. Nxd5 Bc5 31. g3 b5 32. Kg2 bxa4 33. bxa4
Kg8 34. Nc3 e3 35. Kf3 Kf7 36. Nd5 Ke6 37. Nc7+ Ke5 38. Nxa6 Bd4 39. Nb4 Bc3
40. Nd3+ Kd4 41. Nf4 Bd2 42. Ne6+ Kc4 43. Nxg7 Kc3 44. Nf5 Kxc2 45. Nxe3+ Kb3
46. Nd5 Kxa4 47. Nf6 h6 48. Kg4 Kb5 49. Kh5 Kc4 50. Ng4 Kd4 51. Nxh6 Ke4 52. g4
Bc3 53. h4 Ke5 1-0

[Event "GB-China"]
[Site "Liverpool"]
[Date "2007.09.08"]
[Round "5"]
[White "Houska, Jovanka"]
[Black "Ding Yixin"]
[Result "0-1"]
[WhiteElo "2401"]
[BlackElo "2278"]
[PlyCount "114"]
[EventDate "2007.09.04"]

1. e4 c5 2. Nf3 d6 3. d4 cxd4 4. Nxd4 Nf6 5. Nc3 a6 6. Be3 e5 7. Nf3 Be7 8. Bc4
O-O 9. O-O Be6 10. Qe2 Bxc4 11. Qxc4 b5 12. Qe2 Nbd7 13. Rfd1 Qc7 14. a3 Rfc8
15. Rac1 h6 16. Nh4 Bf8 17. Nf5 Kh7 18. Qf3 Rab8 19. Rd3 b4 20. axb4 Rxb4 21.
b3 Qb7 22. Bd2 Nc5 23. Rxd6 Nfxe4 24. Nxe4 Rxe4 25. Be3 Rb4 26. Qh3 Ne6 27. Rd3
e4 28. Nd6 Bxd6 29. Rxd6 Rc6 30. Qf5+ Kg8 31. Rd5 Rc8 32. Rcd1 Qe7 33. Rd7 Qe8
34. R1d2 Rxc2 35. Rd1 Rc8 36. h3 Rxb3 37. Qxe4 Rb5 38. Ra7 Qc6 39. Qa4 Rb1 40.
Qg4 Rxd1+ 41. Qxd1 Ra8 42. Re7 a5 43. f4 Rd8 44. Qe1 a4 45. f5 Nf8 46. Qh4 Rd1+
47. Kh2 Qd6+ 48. Bf4 Qd4 49. Re3 Rf1 50. Rf3 Rxf3 51. gxf3 a3 52. Qg3 Qb2+ 53.
Qg2 Qxg2+ 54. Kxg2 a2 55. Be5 Nd7 56. Bd4 Nc5 57. f6 Nb3 0-1